000 00265nam a22001217a 4500
008 171023b xxu||||| |||| 00| 0 eng d
041 _aeng
080 _a311
100 _a55
101 _aSTA
245 _aSTATISTICAL ANALYSIS
_cSPRINTHALL, R.C
942 _2udc
_cBK
999 _c35566
_d35566